=LDR 00000nam 2200000 4500 =001 INLIS000000000034011 =005 20130612135930 =008 ***********************************ind** =035 ##$$0010-061300000034011 =041 ##$$a ind =082 ##$$a 631.42 =090 ##$$a 631.42, Wir m =100 ##$$a Wirayanta, Bernard T. Wahyu =245 ##$$a Media tanam untuk tanaman hias, Bernard T. Wahyu Wiryanta;Penyunting, Astuti =260 ##$$a 2007 $b Jakarta =300 ##$$a iv,56 hlm, Ilus, 22 cm =650 ##$$a Tanah Kesuburan =700 ##$$a Astuti =850 ##$$a NBPNMAT =990 ##$$a 92336/BPAP-NTB/2014 =990 ##$$a 0001/BPAP-NTB/20142014 =990 ##$$a 0001/BPAP-NTB/20142015 =990 ##$$a 0001/BPAP-NTB/20142015